000 00597cam a22002171 4500
001 ne 68003050
003 DLC
005 20260227111845.0
008 890925s1966 xx 000 0 ara
010 _ane 68003050
035 _a(OCoLC)23501533
040 _aDLC
_cMiU
_dDLC
042 _apremarc
050 0 0 _aBP136.8
_b.I25 1966
100 2 _aIbn Qutaybah, ʻAbd Allāh ibn Muslim,
_d828-889?
245 1 0 _aTaʼwīl mukhtalif al-ḥadīth.
260 _c1966
300 _a12, 367 p.
_c24 cm.
504 _aBibliographical footnotes.
650 0 _aHadith
_xCriticism, interpretation, etc.
999 _c50680
_d50680